000 00739nam a2200229 a 4500
008
020 _a8173014817 (pbk.)
049 _aMAIN
090 _aREFQA76.15
245 1 0 _aDreamland's illustrated computer encyclopedia /
_cCompilation by Anil Madaan, Davinder Singh Minhas [edited by] Prashant Gupta.
260 0 _aNew Delhi :
_bDreamland Publications,
_c2001
300 _a712 p.
_bill. some col. ;
_c29 cm.
650 0 _aComputers
_xDictionaries.
700 _aMinhas, Davinder Singh.
700 _aMadaan, Anil.
700 _aGupta, Prashant.
907 _a.b10121699
_b29-11-06
_c12-05-04
003
005 20230120191411.0
040 _cNUST
942 _cBOOKS
_kREFQA76.15
999 _c100449
_d100449